| 000 | 00527 a2200169 4500 | ||
|---|---|---|---|
| 005 | 20250429103822.0 | ||
| 020 | _a0-07-283008-5 | ||
| 082 | _a658 155 HIL | ||
| 100 | _aHILTON, R. W. | ||
| 245 | _aCost Management for strategies for Business Decisions. | ||
| 250 | _a3rd Ed | ||
| 260 |
_aNew York, _bMcGraw-Hill, _c2006. |
||
| 300 |
_aXxxvii, 914p.: ill.; picture _bBibliographical references & Index _c28cm. |
||
| 700 | _aMAHER, M. W. & SELTO, F. H. | ||
| 856 |
_yAccess Online Book _fBusiness _dwww.mhhe,com |
||
| 942 |
_2ddc _cBKS |
||
| 999 |
_c1762 _d1762 |
||